Vesmírny výskum a súkromný kapitál
Transatlantická vesmírna spolupráca. Družicový navigačný systém Galileo - príklad spojenia verejných a súkromných zdrojov pri financovaní projektov na využívanie kozmu so značným stupňom medzinárodnej kooperácie. V dokumente Európskej komisie "Európska vesmírna politika" chýba zmienka o možnej inic...
Guardado en:
| Autor principal: | |
|---|---|
| Formato: | Capítulo de libro |
| Lenguaje: | eslovaco |
| Materias: | |
| Etiquetas: |
Sin Etiquetas, Sea el primero en etiquetar este registro!
|
MARC
| LEADER | 00000naa$a2200000$$$4500 | ||
|---|---|---|---|
| 001 | 0024707 | ||
| 005 | 20231004125431.3 | ||
| 041 | 0 | |a slo | |
| 044 | |a SK | ||
| 245 | 1 | 0 | |a Vesmírny výskum a súkromný kapitál |c Jacob Funk Kirkegaard |
| 520 | |a Transatlantická vesmírna spolupráca. Družicový navigačný systém Galileo - príklad spojenia verejných a súkromných zdrojov pri financovaní projektov na využívanie kozmu so značným stupňom medzinárodnej kooperácie. V dokumente Európskej komisie "Európska vesmírna politika" chýba zmienka o možnej iniciatíve súkromného sektora vo vesmírnom výskume. Prienik súkromného sektora do vesmírnych projektov. | ||
| 610 | 2 | 0 | |a USA |
| 610 | 2 | 0 | |a Európska únia |
| 610 | 2 | 0 | |a výskum kozmický |
| 610 | 2 | 0 | |a politika |
| 610 | 2 | 0 | |a financovanie vývoja |
| 610 | 2 | 0 | |a kapitál finančný |
| 610 | 2 | 0 | |a sektor súkromný |
| 100 | 1 | |a Kirkegaard, Jacob Funk | |